000 00529nam a2200181 i 4500
001 bg
245 0 0 _aIzrael w faktach /
_c[red. Ellen Hirsch ; tł. z yidish Lechosław Polak].
260 _aJerozolima :
_bIzraelskie Centrum Informacyjne,
_c1996.
300 _a285 s. :
_bfot., mapy, wykr. (w tym kolor.) ;
_c21 cm.
651 9 _aIzrael
655 _aInformatory
700 1 _aHIRSCH, Ellen.
_eRed.
040 _cBPK
041 1 _apl
_hyi
080 _a913(569.4)
942 _cKS
008 s pl f |000 0 pol
999 _c34755
_d34755
856 _uhttp://koha.tu.koszalin.pl/cgi-bin/koha/opac-detail.pl?biblionumber=34755
_yKatalog online BPK